=LDR 00000nam 2200000 4500 =001 INLIS000000000019110 =005 20130612114219 =008 ***********************************Ind** =035 ##$$0010-061300000019110 =041 ##$$a Ind =082 ##$$a 823 =090 ##$$a 823, Man n =100 ##$$a Manghani, Robin =245 ##$$a November reef, a novell of the south seas, Robin Manghan =260 ##$$a 1962 $b London =300 ##$$a 221 hlm, 32 cm =650 ##$$a Fiksi Inggris =850 ##$$a NBPNMAT